000 00616nam a2200229Ia 4500
003 OSt
005 20220926042929.0
006 a|||||r|||| 00| 0
007 ta
008 220923b |||||||| |||| 00| 0 eng d
037 _cGeneral Book
040 _aRTL
_cRTL
_beng
041 _2eng
_aeng
082 _aX9.2.N6, K5
100 _aJoshi L A
_9346966
245 0 _aControl of industry in India
_b A study in aspects
260 _c1965
500 _aBibliography: P 256-62
650 _aIndustrial Economics-India
942 _hX9.2.N6, K5
_cGB
_2CC
999 _c670956
_d670956